Bhojpuri sanskriti evam lok natyon mein sangeetik prampara (Record no. 32338)

MARC details
000 -LEADER
fixed length control field 00489nam a2200169Ia 4500
008 - FIXED-LENGTH DATA ELEMENTS--GENERAL INFORMATION
fixed length control field 230917s9999||||xx |||||||||||||| ||und||
020 ## - ISBN
Price RS700
040 ## - CATALOGING SOURCE
-- 257189
Original cataloging agency VIVEKANANDA LIBRARY
041 ## - Language
-- English
082 ## - DDC NUMBER
Classification number 780.954 S77B
100 ## - MAIN ENTRY--PERSONAL NAME
Personal name Surendra Kumar
245 #0 - TITLE STATEMENT
Title Bhojpuri sanskriti evam lok natyon mein sangeetik prampara
260 ## - PUBLICATION, DISTRIBUTION, ETC. (IMPRINT)
Place of publication, distribution, etc New Delhi
Name of publisher, distributor, etc Kanishka Publishing House
Date of publication, distribution, etc 2019
300 ## - PHYSICAL DESCRIPTION
Pages ix, 214 p.
500 ## - GENERAL NOTE
General note 3575 08/08/2019 UBC19/7601 10/08/2019 Main Budget
942 ## - ADDED ENTRY ELEMENTS (KOHA)
Koha item type Books
Holdings
Withdrawn status Lost status Damaged status Not for loan Location (home branch) Sublocation or collection (holding branch) Date acquired Koha issues (times borrowed) Koha full call number Accession No. Koha date last seen Koha item type
        VIVEKANANDA LIBRARY VIVEKANANDA LIBRARY 09/09/2019   780.954 S77B 384349 17/09/2023 Books
        VIVEKANANDA LIBRARY VIVEKANANDA LIBRARY 09/09/2019   780.954 S77B 384350 17/09/2023 Books
        VIVEKANANDA LIBRARY VIVEKANANDA LIBRARY 09/09/2019   780.954 S77B 384351 17/09/2023 Books
        VIVEKANANDA LIBRARY VIVEKANANDA LIBRARY 09/09/2019   780.954 S77B 384352 17/09/2023 Books
        VIVEKANANDA LIBRARY VIVEKANANDA LIBRARY 09/09/2019   780.954 S77B 384353 17/09/2023 Books
© Designed and Maintained by Vivekananda Library, MDU Rohtak